banner koha

Perdas na comercialização de hortaliças em uma rede varejista do Distrito Federal (Registro n. 180103)

MARC details
000 -LÍDER
campo de controle de tamanho fixo 00980nas a2200325 4500
001 - NÚMERO DE CONTROLE
campo de controle BR0404744
003 - IDENTIFICADOR DO NÚMERO DE CONTROLE
campo de controle BR-BrBNA
005 - DATA E HORÁRIO DA ÚLTIMA TRANSAÇÃO
campo de controle 20231205104859.0
007 - CAMPO FIXO DE DESCRIÇÃO FÍSICA--INFORMAÇÃO GERAL
campo de controle de tamanho fixo ta
008 - CAMPO DE DADOS FIXOS--INFORMAÇÃO GERAL
campo de controle de tamanho fixo 230509b bl.|||p| |||| 00| 00por d
040 ## - FONTE DA CATALOGAÇÃO
Instituição da catalogação original BR-BrBNA
Idioma da catalogação por
Instituição que transcreveu o registro Biblioteca Nacional de Agricultura
041 ## - CÓDIGO DE IDIOMA
Código do idioma do texto/trilha sonora ou título diferente (Pt)
072 ## - CÓDIGO DE CATEGORIA DE ASSUNTO
Código de Categoria de Assunto E70
100 1# - ENTRADA PRINCIPAL--NOME PESSOAL
Nome pessoal Vilela, N.J.
100 1# - ENTRADA PRINCIPAL--NOME PESSOAL
Nome pessoal Lana, M.M.
100 1# - ENTRADA PRINCIPAL--NOME PESSOAL
Nome pessoal Nascimento, E.F. do
100 1# - ENTRADA PRINCIPAL--NOME PESSOAL
Nome pessoal Makishima, N.
245 1# - TÍTULO
Título Perdas na comercialização de hortaliças em uma rede varejista do Distrito Federal
650 ## - ASSUNTO--TERMO TÓPICO
Cabeçalho tópico ou nome geográfico HORTALIÇA
650 ## - ASSUNTO--TERMO TÓPICO
Cabeçalho tópico ou nome geográfico COMERCIALIZAÇÃO
650 ## - ASSUNTO--TERMO TÓPICO
Cabeçalho tópico ou nome geográfico MERCADO VAREJISTA
650 ## - ASSUNTO--TERMO TÓPICO
Cabeçalho tópico ou nome geográfico MODELO MATEMÁTICO
650 ## - ASSUNTO--TERMO TÓPICO
Cabeçalho tópico ou nome geográfico CUSTO
650 ## - ASSUNTO--TERMO TÓPICO
Cabeçalho tópico ou nome geográfico PERDA PÓS-COLHEITA
650 ## - ASSUNTO--TERMO TÓPICO
Cabeçalho tópico ou nome geográfico PERDA DA PRODUÇÃO
650 ## - ASSUNTO--TERMO TÓPICO
Cabeçalho tópico ou nome geográfico DISTRITO FEDERAL
773 0# - ENTRADA ANALÍTICA
Título Cadernos de Ciência e Tecnologia (Brazil)
ISSN - International Standard Serial Number ISSN 0104-1096
Partes relacionadas (Sep-Dec 2003), v. 20(3) p. 521-541
Número de controle do registro BR0404744
909 ## -
-- 202311
-- Lúcia
-- 55
-- Lúcia Elande
942 ## - ELEMENTOS DE ENTRADA ADICIONADOS (KOHA)
Fonte da classificação ou esquema de arquivamento na estante Classificação AGRIS
Ocultar no OPAC Não
Tipo de material Koha Analítica
Exemplares
Situação do descarte Fonte da classificação ou esquema de arquivamento na estante Situação física Não pode ser emprestado Biblioteca de origem Biblioteca atual Localização na estante Enumeração do periódico / cronologia Total de empréstimos Data de último acesso Número do exemplar Tipo de material Koha Fonte de aquisição
  Classificação AGRIS   Consulta local Biblioteca Nacional de Agricultura - Binagri Biblioteca Nacional de Agricultura - Binagri   (Sep-Dec 2003), v. 20(3) p. 521-541   29/11/2023 01 Periódicos Portaria Interministerial nº 164/94

BINAGRI

Telefone: (61)3218-2567/2388/3357/2097 - binagri@agro.gov.br

Ministério da Agricultura e Pecuária , Esplanada dos Ministérios, Bloco D, Anexo B, Brasília/DF, CEP: 70.043-900